[Event "Lichtenberger Sommer 2023"]
[Site "Berlin"]
[Date "2023.08.18"]
[Round "7.54"]
[White "Bruening, Wolfgang"]
[Black "Schülke, Rosalie"]
[Result "1/2-1/2"]
[WhiteElo "1801"]
[BlackElo "1387"]
[PlyCount "143"]
[EventDate "2023.??.??"]
[WhiteTeam "vereinslos"]
[BlackTeam "SV Königsjäger Süd-West e.V."]

1. c4 c5 2. Nf3 e6 3. d4 cxd4 4. Qxd4 Nc6 5. Qd3 Nf6 6. g3 d5 7. cxd5 Nb4 8.
Qd1 exd5 9. a3 Nc6 10. Bg2 Be7 11. O-O O-O 12. Bg5 h6 13. Bf4 Bd6 14. Bxd6 Qxd6
15. Nc3 Rd8 16. Nb5 Qe7 17. Nbd4 Bg4 18. Rc1 Rac8 19. h3 Bh5 20. g4 Bg6 21. e3
Ne4 22. Qe2 Na5 23. Rxc8 Rxc8 24. Rd1 Nc4 25. Rc1 Re8 26. Nb5 a6 27. Nc3 Nxc3
28. Rxc3 Be4 29. Rc1 b5 30. Ne1 Bxg2 31. Nxg2 d4 32. Re1 Qe4 33. f3 Qe5 34. e4
Qg3 35. h4 Ne5 36. Rf1 Nc4 37. b3 Ne5 38. Qf2 Qxf2+ 39. Kxf2 Rc8 40. Rb1 Rc2+
41. Kg3 Kf8 42. Ne1 Rc3 43. Kf4 Nc6 44. e5 Ke7 45. Ke4 Ke6 46. Nd3 Kd7 47. Rb2
a5 48. f4 Ke6 49. f5+ Kd7 50. g5 hxg5 51. hxg5 g6 52. e6+ Ke7 53. fxg6 fxg6 54.
Nf4 Rc5 55. Nxg6+ Kxe6 56. Nf4+ Ke7 57. g6 Re5+ 58. Kf3 Kf6 59. Rc2 Re3+ 60.
Kf2 Ne7 61. Rc7 Rxb3 62. Nd5+ Kxg6 63. Nxe7+ Kf6 64. Rb7 Rxa3 65. Nd5+ Ke5 66.
Rxb5 Ke4 67. Ke2 Ra2+ 68. Kd1 Kd3 69. Nf4+ Ke3 70. Nd5+ Kd3 71. Nf4+ Ke3 72.
Nd5+ 1/2-1/2

[Event "Lichtenberger Sommer 2023"]
[Site "Berlin"]
[Date "2023.08.18"]
[Round "7.55"]
[White "Sommer, Ingo"]
[Black "Knol, Jeffrey"]
[Result "1/2-1/2"]
[WhiteElo "1787"]
[BlackElo "1179"]
[PlyCount "110"]
[EventDate "2023.??.??"]
[WhiteTeam "SC Kreuzberg e.V."]
[BlackTeam "Schaakvereniging Almere"]

1. Nf3 Nc6 2. d4 d5 3. Bf4 Bf5 4. c3 e6 5. Qb3 Rb8 6. Na3 a6 7. h3 Bd6 8. Bxd6
Qxd6 9. Nc2 Nf6 10. Ne3 Bg6 11. Ng4 Nxg4 12. hxg4 O-O 13. e3 b5 14. Qd1 Rbe8
15. Bd3 f5 16. Nh4 Rf6 17. g5 Rf7 18. Nxg6 hxg6 19. f4 Na5 20. Rh3 Kf8 21. b4
Nb7 22. a4 Qc6 23. Qb3 Nd6 24. axb5 Nxb5 25. Kd2 Ke7 26. Ra5 Rb8 27. Rh7 Kd7
28. g4 Re7 29. gxf5 gxf5 30. Bxb5 Rxb5 31. Qa2 Rxa5 32. Qxa5 Qb5 33. Qa1 Qc4
34. g6 Qb5 35. Rh1 Re8 36. Rh7 Rg8 37. Qa2 Ke7 38. Qa1 Qc4 39. Rh1 Kf6 40. Qg1
Qa2+ 41. Kd3 Qc4+ 42. Kd2 Qa2+ 43. Ke1 Qb1+ 44. Kd2 Qa2+ 45. Ke1 Qb1+ 46. Kf2
Qc2+ 47. Kf3 Qe4+ 48. Ke2 Qc2+ 49. Kf3 Qe4+ 50. Ke2 Qc2+ 51. Kf1 Qb1+ 52. Kg2
Qe4+ 53. Kf2 Qc2+ 54. Kf3 Qe4+ 55. Ke2 Qc2+ 1/2-1/2

[Event "Lichtenberger Sommer 2023"]
[Site "Berlin"]
[Date "2023.08.18"]
[Round "7.56"]
[White "Mayer, Herbert"]
[Black "Straßburg, Moritz"]
[Result "0-1"]
[WhiteElo "1738"]
[BlackElo "1300"]
[PlyCount "52"]
[EventDate "2023.??.??"]
[WhiteTeam "SSV Rotation Berlin e.V."]
[BlackTeam "SF Nordost Berlin"]

1. c4 e5 2. g3 Nf6 3. Bg2 Nc6 4. Nc3 d6 5. d3 Be6 6. Nf3 Be7 7. O-O h6 8. Rb1
d5 9. cxd5 Nxd5 10. Nxd5 Bxd5 11. a3 Qd6 12. b4 Rd8 13. Be3 Nd4 14. Qa4+ Bc6
15. Qa5 b6 16. Qa6 Nxe2+ 17. Kh1 Qxd3 18. Qxa7 Bd6 19. Rbd1 Qc4 20. Nxe5 Bxg2+
21. Kxg2 Qe4+ 22. Nf3 Ra8 23. Qxa8+ Qxa8 24. Rfe1 Nc3 25. Bd4+ Ne4 26. Nd2 Kf8
0-1

[Event "Lichtenberger Sommer 2023"]
[Site "Berlin"]
[Date "2023.08.18"]
[Round "7.57"]
[White "Keusch, Horst"]
[Black "Schilly, Hans-Joachim"]
[Result "1-0"]
[WhiteElo "2000"]
[BlackElo "1687"]
[PlyCount "85"]
[EventDate "2023.??.??"]
[WhiteTeam "SC Friesen Lichtenberg e.V."]
[BlackTeam "SF Siemensstadt"]

1. b3 Nf6 2. Bb2 e6 3. f4 Be7 4. Nf3 O-O 5. e3 d5 6. Be2 b6 7. O-O Bb7 8. Ne5
c5 9. d3 Nc6 10. Nd2 d4 11. Nxc6 Bxc6 12. e4 Qc7 13. Qe1 Ne8 14. Qg3 f5 15. e5
Qb7 16. Bf3 Nc7 17. Bxc6 Qxc6 18. Nf3 Nd5 19. Bc1 Qe8 20. Bd2 a5 21. a4 Qh5 22.
Kh1 Kh8 23. Rae1 h6 24. Rg1 Rf7 25. h3 Rg8 26. Qh2 g5 27. fxg5 hxg5 28. Re2 Rh7
29. g4 fxg4 30. Rxg4 Ne3 31. Bxe3 dxe3 32. Re1 Rf8 33. Rxe3 Qxh3 34. Qxh3 Rxh3+
35. Kg2 Rh7 36. Nxg5 Rg7 37. Reg3 Rf5 38. Nf3 Rxg4 39. Rxg4 Bd8 40. Rg6 Rf4 41.
Rxe6 Rg4+ 42. Kf2 Bh4+ 43. Ke3 1-0

[Event "Lichtenberger Sommer 2023"]
[Site "Berlin"]
[Date "2023.08.18"]
[Round "7.58"]
[White "Schilling, Hans"]
[Black "Hauer, Andreas"]
[Result "0-1"]
[WhiteElo "1763"]
[BlackElo "1912"]
[PlyCount "112"]
[EventDate "2023.??.??"]
[WhiteTeam "SF Nordost Berlin"]
[BlackTeam "SC Turm Illingen"]

1. d4 d5 2. Nf3 Nf6 3. g3 c5 4. Bg2 cxd4 5. Nxd4 e5 6. Nb3 Bb4+ 7. c3 Be7 8.
Bg5 Nbd7 9. O-O O-O 10. e4 dxe4 11. N1d2 h6 12. Bxf6 Nxf6 13. Nxe4 Qc7 14. Qe2
Be6 15. Nxf6+ Bxf6 16. Qe4 Rab8 17. Rfd1 b6 18. Qc6 Qxc6 19. Bxc6 Rfd8 20. Kf1
a5 21. Ke1 Kf8 22. Rxd8+ Rxd8 23. Rd1 Rxd1+ 24. Kxd1 Be7 25. Kc2 f5 26. a3 Bd6
27. Nd2 Ke7 28. b4 g5 29. Kd3 h5 30. Nc4 Bc7 31. a4 Bd7 32. Bxd7 Kxd7 33. Ne3
Ke6 34. Nc4 Bd8 35. f3 g4 36. fxg4 hxg4 37. Ke2 Kd5 38. Ne3+ Ke6 39. Kd3 Kf6
40. Nd5+ Kg5 41. b5 f4 42. Ke4 f3 43. c4 Be7 44. Ne3 Bc5 45. Nf1 Bd4 46. Ne3 f2
47. Nf1 Kf6 48. Nd2 Ke6 49. Nf1 Bc5 50. Nd2 Be7 51. Nf1 Bg5 52. Kd3 Kd6 53. Ke4
Kc5 54. Kxe5 Kxc4 55. Kf5 Kd3 56. h4 gxh3 0-1

[Event "Lichtenberger Sommer 2023"]
[Site "Berlin"]
[Date "2023.08.18"]
[Round "7.59"]
[White "Kuhn, Christian"]
[Black "Adamski, Adam"]
[Result "1-0"]
[WhiteElo "1911"]
[BlackElo "1761"]
[PlyCount "91"]
[EventDate "2023.??.??"]
[WhiteTeam "SK König Tegel 1949 e.V."]
[BlackTeam "Sparta Bialoleka"]

1. e4 c5 2. Nf3 e6 3. g3 Nc6 4. Bg2 Qc7 5. O-O d6 6. c4 Nf6 7. Nc3 a6 8. d4
cxd4 9. Nxd4 Be7 10. b3 O-O 11. Nxc6 bxc6 12. Be3 e5 13. h3 Be6 14. f4 exf4 15.
Bxf4 Nd7 16. Rc1 Ne5 17. Na4 Rad8 18. Qe2 f5 19. c5 Ng6 20. Bxd6 Bxd6 21. cxd6
Qxd6 22. exf5 Bxf5 23. Rcd1 Qe7 24. Qc4+ Kh8 25. Rxd8 Qxd8 26. Qxc6 Rf6 27. Qc3
Qd3 28. Qxd3 Bxd3 29. Rxf6 gxf6 30. b4 Bc4 31. a3 Ne5 32. Nc5 Bb5 33. Bb7 a5
34. bxa5 Nc4 35. a6 Bxa6 36. Bxa6 Nxa3 37. Bd3 f5 38. Kf2 h5 39. Kf3 h4 40. g4
fxg4+ 41. hxg4 Kg7 42. g5 h3 43. Kg3 h2 44. Kxh2 Nc4 45. Bxc4 Kg6 46. Ne6 1-0

[Event "Lichtenberger Sommer 2023"]
[Site "Berlin"]
[Date "2023.08.18"]
[Round "7.60"]
[White "Kuban, Andreas"]
[Black "Grassi, Fabrizio"]
[Result "1-0"]
[WhiteElo "1740"]
[BlackElo "1878"]
[PlyCount "49"]
[EventDate "2023.??.??"]
[WhiteTeam "SC Zugzwang 95 e.V."]
[BlackTeam "SV Berlin-Friedrichstadt"]

1. e4 d5 2. exd5 Nf6 3. d4 Nxd5 4. Nf3 Bg4 5. c4 Nb6 6. c5 N6d7 7. Be2 e6 8.
Qb3 b6 9. O-O c6 10. Bf4 Be7 11. Nc3 Nf6 12. h3 Bf5 13. g4 Be4 14. Nxe4 Nxe4
15. Rfd1 O-O 16. Ne5 Bh4 17. Bg3 bxc5 18. Bf3 Nxg3 19. fxg3 Bxg3 20. Qb7 Qh4
21. Bg2 Bf2+ 22. Kh1 Bxd4 23. Nf3 Qf2 24. Qxa8 Nd7 25. Qxa7 1-0

[Event "Lichtenberger Sommer 2023"]
[Site "Berlin"]
[Date "2023.08.18"]
[Round "7.61"]
[White "Nguyen, Tuan Kiet"]
[Black "Pöltelt, Helmut"]
[Result "1-0"]
[WhiteElo "1873"]
[BlackElo "1673"]
[PlyCount "91"]
[EventDate "2023.??.??"]
[WhiteTeam "SG Eckturm"]
[BlackTeam "SC Eintracht Berlin e.V."]

1. e4 e5 2. Nf3 Nc6 3. Bb5 a6 4. Ba4 Nf6 5. O-O Be7 6. Re1 d6 7. c3 b5 8. Bc2
Bg4 9. d3 O-O 10. Nbd2 Re8 11. h3 Bh5 12. Nf1 Bxf3 13. Qxf3 b4 14. Ne3 Rf8 15.
Nf5 bxc3 16. bxc3 Ne8 17. Qg3 Bf6 18. Ba4 Ne7 19. Nh6+ Kh8 20. Ng4 Ng6 21. Nxf6
Nxf6 22. Bg5 h6 23. Be3 c5 24. Bb3 Qd7 25. Qf3 Nh4 26. Qg3 Ng6 27. Qf3 Nh4 28.
Qe2 g5 29. g4 Kg7 30. d4 Nxe4 31. dxe5 Nxc3 32. Qb2 Nf3+ 33. Kf1 Kg8 34. Qxc3
Nxe1 35. Rxe1 dxe5 36. Qxc5 Qd3+ 37. Kg1 e4 38. Qc6 Kg7 39. Rd1 Rac8 40. Qa4
Qb5 41. Qxe4 Rfd8 42. Bd4+ Kf8 43. Qh7 Qb7 44. Qg7+ Ke8 45. Qg8+ Kd7 46. Qxf7+
1-0

[Event "Lichtenberger Sommer 2023"]
[Site "Berlin"]
[Date "2023.08.18"]
[Round "7.62"]
[White "Potgieter, Edward"]
[Black "Rosmait, Emily"]
[Result "1-0"]
[WhiteElo "1719"]
[BlackElo "1855"]
[PlyCount "103"]
[EventDate "2023.??.??"]
[WhiteTeam "Johannesburg Metro Chess"]
[BlackTeam "TuRa Harksheide von 1945 Norders"]

1. e4 c6 2. d4 d5 3. exd5 cxd5 4. Bd3 Nf6 5. h3 Nc6 6. c3 Qc7 7. Nf3 e6 8. O-O
Bd6 9. Nbd2 h6 10. Re1 Bd7 11. Qe2 Nh5 12. Nb3 Nf4 13. Bxf4 Bxf4 14. Nc5 O-O
15. Bb5 Bd6 16. Nxd7 Qxd7 17. Ne5 Qc7 18. Qh5 Nxe5 19. dxe5 Bc5 20. Bd3 b5 21.
Re2 f5 22. Bxb5 Rab8 23. Bd3 d4 24. c4 Qf7 25. Qxf7+ Kxf7 26. f4 Rb4 27. Kh2
Rfb8 28. b3 a5 29. Bc2 a4 30. a3 d3 31. axb4 Bd4 32. Bxd3 Bxa1 33. bxa4 Rxb4
34. Ra2 Bd4 35. a5 Rb3 36. Be2 Be3 37. g3 Bf2 38. Bh5+ g6 39. Bxg6+ Kxg6 40.
Rxf2 Ra3 41. Rc2 Rxa5 42. c5 Ra7 43. c6 Rc7 44. g4 fxg4 45. hxg4 h5 46. gxh5+
Kxh5 47. Kg3 Rg7+ 48. Kf3 Rc7 49. Ke4 Kg6 50. Kd4 Kf5 51. Kc5 Kxf4 52. Kd6 1-0

[Event "Lichtenberger Sommer 2023"]
[Site "Berlin"]
[Date "2023.08.18"]
[Round "7.63"]
[White "Müller, Johannes"]
[Black "Matthes, Benjamin"]
[Result "0-1"]
[WhiteElo "1651"]
[BlackElo "1848"]
[PlyCount "58"]
[EventDate "2023.??.??"]
[WhiteTeam "SC Eintracht Berlin e.V."]
[BlackTeam "SC Oranienburg e.V."]

1. e4 c5 2. Nc3 Nc6 3. g3 g6 4. Bg2 Bg7 5. Nge2 e6 6. d3 Nge7 7. O-O O-O 8. h3
d5 9. a3 d4 10. Nb1 e5 11. f4 f5 12. Nd2 Rb8 13. Nc4 b5 14. Nxe5 Nxe5 15. fxe5
fxe4 16. Bf4 e3 17. c3 Be6 18. cxd4 cxd4 19. g4 Bd5 20. Ng3 Bxg2 21. Kxg2 Qd5+
22. Qf3 Rxf4 23. Qxd5+ Nxd5 24. Rxf4 Nxf4+ 25. Kf3 Bxe5 26. Rc1 Nxd3 27. Rc6
Bxg3 28. Kxg3 e2 29. Re6 e1=Q+ 0-1

[Event "Lichtenberger Sommer 2023"]
[Site "Berlin"]
[Date "2023.08.18"]
[Round "7.64"]
[White "Fiedler, Ronald"]
[Black "Krüger, Ekkehard"]
[Result "1/2-1/2"]
[WhiteElo "1642"]
[BlackElo "1842"]
[PlyCount "65"]
[EventDate "2023.??.??"]
[WhiteTeam "SVG Läufer Reinickendorf e.V."]
[BlackTeam "SG NARVA Berlin e.V."]

1. d4 c6 2. c4 d5 3. e3 Bf5 4. Bd3 Bxd3 5. Qxd3 Nf6 6. Nc3 e6 7. a3 a5 8. Nf3
Nbd7 9. O-O Bd6 10. e4 dxe4 11. Nxe4 Nxe4 12. Qxe4 Nf6 13. Qh4 Be7 14. Qf4 h6
15. Qd2 O-O 16. Qc2 Qc7 17. h3 c5 18. Be3 Rac8 19. Rac1 Bd6 20. dxc5 Bxc5 21.
Rfe1 Rfd8 22. Bxc5 Qxc5 23. Qe2 Qb6 24. Rc3 a4 25. Qc2 Qa6 26. Re5 Rd7 27. Rb5
Rcd8 28. Re3 Rd1+ 29. Kh2 Qd6+ 30. g3 g5 31. Re1 Rxe1 32. Nxe1 Ra8 33. Rxb7
1/2-1/2

[Event "Lichtenberger Sommer 2023"]
[Site "Berlin"]
[Date "2023.08.18"]
[Round "7.65"]
[White "Jeß, Arne"]
[Black "Christen, Jan"]
[Result "1-0"]
[WhiteElo "1824"]
[BlackElo "1604"]
[PlyCount "42"]
[EventDate "2023.??.??"]
[WhiteTeam "TSG Rot-Weiß Fredersdorf/Vogelsd"]
[BlackTeam "Barnimer SF im SV Sta"]

1. e4 e5 2. Nc3 Nf6 3. f4 d5 4. fxe5 Nxe4 5. d3 Nxc3 6. bxc3 d4 7. Nf3 c5 8.
Bb2 Nc6 9. h3 Be7 10. g3 Bg5 11. Bc1 h6 12. Bg2 Qa5 13. O-O Bxc1 14. Qxc1 dxc3
15. Qf4 O-O 16. Nh4 Nd4 17. Rf2 g5 18. Qf6 gxh4 19. Qxh6 Qb6 20. Rf6 Qb2 21.
Qg5+ Kh8 1-0

[Event "Lichtenberger Sommer 2023"]
[Site "Berlin"]
[Date "2023.08.18"]
[Round "7.66"]
[White "Kandeler, Christian"]
[Black "Teusch, Lucas"]
[Result "1/2-1/2"]
[WhiteElo "1804"]
[BlackElo "1605"]
[PlyCount "66"]
[EventDate "2023.??.??"]
[WhiteTeam "TSG Oberschöneweide e.V."]
[BlackTeam "Leegebrucher SF"]

1. e4 e5 2. Nf3 Nf6 3. Nxe5 d6 4. Nf3 Nxe4 5. d4 d5 6. Bd3 Bd6 7. O-O O-O 8. c4
c6 9. Nc3 Nxc3 10. bxc3 dxc4 11. Bxc4 Bg4 12. h3 Bh5 13. g4 Bg6 14. Ne5 Nd7 15.
f4 Nxe5 16. fxe5 Qh4 17. Qf3 Be7 18. Be3 h5 19. Rf2 Kh8 20. Raf1 f5 21. gxh5
Bxh5 22. Qg2 Qe4 23. Qxe4 fxe4 24. Rxf8+ Bxf8 25. d5 cxd5 26. Bxd5 Bf3 27. Bxb7
Rb8 28. Bd5 Rb2 29. Rf2 Rb1+ 30. Rf1 Rb2 31. Rf2 Rb1+ 32. Rf1 Rb2 33. Rf2 Rb1+
1/2-1/2

[Event "Lichtenberger Sommer 2023"]
[Site "Berlin"]
[Date "2023.08.18"]
[Round "7.67"]
[White "Lotzmanov, Peter"]
[Black "Kretzschmar, Jan"]
[Result "0-1"]
[WhiteElo "1591"]
[BlackElo "1803"]
[PlyCount "82"]
[EventDate "2023.??.??"]
[WhiteTeam "BSG Stahl Eisenhüttenstadt e.V."]
[BlackTeam "SC Kreuzberg e.V."]

1. d4 Nf6 2. c4 e6 3. g3 Bb4+ 4. Bd2 Qe7 5. Nf3 O-O 6. a3 Bxd2+ 7. Nbxd2 b6 8.
Bg2 Bb7 9. O-O a5 10. Qc2 d6 11. e4 e5 12. d5 a4 13. Ne1 Bc8 14. Nd3 Bd7 15.
Rae1 Na6 16. f4 Ne8 17. f5 f6 18. g4 g6 19. Qd1 Ng7 20. Re3 g5 21. h4 h6 22.
hxg5 hxg5 23. Rh3 Kf7 24. Kf2 Rae8 25. Rfh1 Qd8 26. Rh7 Rh8 27. R1h2 Rxh7 28.
Rxh7 Rh8 29. Qh1 Rxh7 30. Qxh7 Qg8 31. Qg6+ Ke7 32. Nf3 Qh8 33. Ndxe5 dxe5 34.
Nxe5 Be8 35. Kg1 Nb8 36. Kf1 Nd7 37. Nc6+ Kf8 38. Ne5 Kg8 39. Nxd7 Bxg6 40.
fxg6 Ne8 41. c5 Qg7 0-1

[Event "Lichtenberger Sommer 2023"]
[Site "Berlin"]
[Date "2023.08.18"]
[Round "7.68"]
[White "Oppermann, Peter"]
[Black "Berndt, Ronson"]
[Result "1-0"]
[WhiteElo "1796"]
[BlackElo "1544"]
[PlyCount "81"]
[EventDate "2023.??.??"]
[WhiteTeam "SK Bad Harzburg"]
[BlackTeam "SC Borussia Lichtenberg"]

1. d4 d5 2. Nf3 Nf6 3. e3 Bf5 4. b3 e6 5. Bb2 Bd6 6. Nbd2 Nbd7 7. Be2 O-O 8.
O-O Rc8 9. Rc1 Qe7 10. Ne5 Ba3 11. Bxa3 Qxa3 12. g4 Bg6 13. Nxg6 hxg6 14. c4 c6
15. g5 Nh7 16. f4 a5 17. Qc2 Qe7 18. Nf3 Rfe8 19. Bd3 Nhf8 20. h4 Nb8 21. Qb2
f5 22. gxf6 gxf6 23. Rf2 f5 24. Rg2 Kh8 25. Kf2 Nbd7 26. Rh1 Qh7 27. Ng5 Qe7
28. h5 Kg8 29. Qe2 Nf6 30. hxg6 Nxg6 31. Nf3 Ng4+ 32. Kf1 Kg7 33. Rxg4 fxg4 34.
Ng5 Rh8 35. Rxh8 Rxh8 36. Qxg4 Re8 37. Nf3 Qf6 38. Ne5 Rg8 39. Bxg6 Kh6 40.
Qh5+ Kg7 41. Qh7+ 1-0

[Event "Lichtenberger Sommer 2023"]
[Site "Berlin"]
[Date "2023.08.18"]
[Round "7.69"]
[White "Hafermann, Lara"]
[Black "Guder, Sibylle"]
[Result "0-1"]
[WhiteElo "1590"]
[BlackElo "1796"]
[PlyCount "84"]
[EventDate "2023.??.??"]
[WhiteTeam "SC Borussia Lichtenberg"]
[BlackTeam "SF Berlin 1903 e.V."]

1. d4 g6 2. e3 Bg7 3. f4 d6 4. Nf3 Nd7 5. Bd3 e6 6. O-O Ne7 7. Nbd2 b6 8. c3
Bb7 9. Qe2 O-O 10. e4 c5 11. Nc4 d5 12. Nce5 dxe4 13. Bxe4 Bxe4 14. Qxe4 cxd4
15. Nxd4 Nc5 16. Qe2 a6 17. Rf3 Qc7 18. Rh3 Nd7 19. Nef3 Qd6 20. Qf2 Nf6 21.
Qh4 Nc6 22. g4 Nxd4 23. Nxd4 h5 24. gxh5 Nxh5 25. Be3 Qd8 26. Qg4 Qd5 27. Kf2
Nf6 28. Qh4 Qh5 29. Nc6 Qxh4+ 30. Rxh4 Nd5 31. Bxb6 Bf6 32. Rg4 Nxb6 33. h4
Rac8 34. Nb4 a5 35. Nd3 Rcd8 36. Ke3 Kg7 37. h5 Rh8 38. Rh1 Kf8 39. h6 Rh7 40.
Rg2 Nc4+ 41. Ke4 Nd6+ 42. Kf3 Nf5 0-1

[Event "Lichtenberger Sommer 2023"]
[Site "Berlin"]
[Date "2023.08.18"]
[Round "7.70"]
[White "Villuela, Roberto"]
[Black "Zesewitz, Marco"]
[Result "1-0"]
[WhiteElo "1775"]
[BlackElo "1427"]
[PlyCount "41"]
[EventDate "2023.??.??"]
[WhiteTeam "SC Friesen Lichtenberg e.V."]
[BlackTeam "SV SF Friedrichshagen"]

1. Nf3 f5 2. d3 Nf6 3. e4 fxe4 4. dxe4 Nxe4 5. Bd3 Nf6 6. Ng5 d5 7. Nxh7 Qd6 8.
Bg6+ Kd8 9. Ng5 Qe5+ 10. Qe2 Qxe2+ 11. Kxe2 Rh4 12. g3 Rb4 13. Nc3 Nc6 14. a3
Rb6 15. Nf7+ Kd7 16. Na4 Rb5 17. b4 Nxb4 18. axb4 Rxb4 19. Nc5+ Kc6 20. Nd3 Rb5
21. Nde5+ 1-0

[Event "Lichtenberger Sommer 2023"]
[Site "Berlin"]
[Date "2023.08.18"]
[Round "7.71"]
[White "Beduschi, Ben"]
[Black "Schubert, Joachim"]
[Result "0-1"]
[WhiteElo "1604"]
[BlackElo "1872"]
[PlyCount "88"]
[EventDate "2023.??.??"]
[WhiteTeam "Barnimer SF im SV Sta"]
[BlackTeam "SC Friesen Lichtenberg e.V."]

1. d4 f5 2. Nc3 Nf6 3. Bg5 e6 4. Bxf6 Qxf6 5. e4 Bb4 6. e5 Qh4 7. Nf3 Qe4+ 8.
Be2 b6 9. O-O Bxc3 10. bxc3 Bb7 11. Ne1 Qh4 12. Bf3 Nc6 13. Nd3 O-O-O 14. Nb4
g5 15. Nxc6 dxc6 16. g3 Qh6 17. a4 g4 18. Bg2 a5 19. Qe2 Qg7 20. f4 h5 21. Qc4
Qd7 22. Rfd1 h4 23. Qd3 Rh6 24. c4 Rdh8 25. Kf2 Ba6 26. Rh1 Kb7 27. Qc3 Ka7 28.
Rad1 Bb7 29. c5 h3 30. Bf1 Qd5 31. Bc4 Qg2+ 32. Ke3 Rd8 33. Bb3 Ba6 34. cxb6+
cxb6 35. Bc4 c5 36. Bxa6 Kxa6 37. Qc4+ Ka7 38. c3 Rh7 39. Qxe6 Qe4+ 40. Kf2
Qc2+ 41. Ke3 Qxc3+ 42. Ke2 Qf3+ 43. Kd2 Rxd4+ 44. Kc2 Qe2+ 0-1

[Event "Lichtenberger Sommer 2023"]
[Site "Berlin"]
[Date "2023.08.18"]
[Round "7.72"]
[White "Rotermund, Verena"]
[Black "Willich, Manfred"]
[Result "0-1"]
[WhiteElo "1553"]
[BlackElo "1837"]
[PlyCount "80"]
[EventDate "2023.??.??"]
[WhiteTeam "Vorw.Orient Mainz"]
[BlackTeam "SK Turm Bad Hersfeld"]

1. e4 c5 2. Nc3 Nc6 3. Bc4 e6 4. f4 a6 5. a4 Nge7 6. d3 d5 7. Bb3 Nd4 8. Ba2
Nec6 9. exd5 exd5 10. Nf3 Be6 11. O-O Be7 12. Nxd4 Nxd4 13. f5 Nxf5 14. Bxd5
Bxd5 15. Rxf5 Be6 16. Rf1 Qd4+ 17. Kh1 O-O 18. Ne4 Rad8 19. Qf3 b6 20. Bd2 Qd7
21. Bc3 f5 22. Qg3 g6 23. Qe5 Kf7 24. Rae1 Qd5 25. Qg7+ Ke8 26. Nf6+ Bxf6 27.
Bxf6 Rd7 28. c4 Qc6 29. Qh6 Rxf6 30. Qg5 Kf7 31. Qh4 Kg7 32. Rf3 Rd4 33. Qf2
Qd7 34. Qg3 Qd6 35. Qh3 Bd7 36. Rfe3 Re6 37. Rxe6 Bxe6 38. Qe3 Rxd3 39. Qe2 Rd4
40. h3 Re4 0-1

[Event "Lichtenberger Sommer 2023"]
[Site "Berlin"]
[Date "2023.08.18"]
[Round "7.73"]
[White "Schumacher, Gerhard"]
[Black "Schade, Stanley"]
[Result "1/2-1/2"]
[WhiteElo "1776"]
[BlackElo "1500"]
[PlyCount "141"]
[EventDate "2023.??.??"]
[WhiteTeam "Gardez Robe"]
[BlackTeam "vereinslos"]

1. e4 c6 2. d3 d5 3. Nd2 dxe4 4. dxe4 Nf6 5. Ngf3 Bg4 6. Be2 e6 7. O-O Be7 8.
Ne5 Bxe2 9. Qxe2 O-O 10. Ndf3 Nfd7 11. Rd1 Qc7 12. Bf4 Nxe5 13. Bxe5 Qb6 14. c3
Rd8 15. Rxd8+ Qxd8 16. Rd1 Qe8 17. Qd2 Na6 18. b4 Rd8 19. Qe2 Rxd1+ 20. Qxd1
Qd8 21. Qxd8+ Bxd8 22. Bd4 b6 23. Be3 Nb8 24. Kf1 Kf8 25. Ke2 Bc7 26. Kd3 Nd7
27. a4 a6 28. g3 b5 29. axb5 cxb5 30. c4 bxc4+ 31. Kxc4 h5 32. h3 Ke7 33. Bd4
g6 34. e5 Ke8 35. g4 hxg4 36. hxg4 Ke7 37. g5 Ke8 38. Kd3 Bb6 39. Nd2 Bxd4 40.
Kxd4 Nb6 41. Kc5 Nd5 42. Nc4 Kd7 43. Nb6+ Kc7 44. Nxd5+ exd5 45. Kxd5 Kb6 46.
e6 fxe6+ 47. Kxe6 Kb5 48. Kf6 Kxb4 49. Kxg6 a5 50. Kh6 a4 51. g6 a3 52. g7 a2
53. g8=Q a1=Q 54. Qb8+ Kc4 55. Qf4+ Kd5 56. Qf7+ Ke4 57. Qb7+ Kf4 58. Qf7+ Ke4
59. Qg6+ Kf4 60. Qg5+ Ke4 61. Qg4+ Kd5 62. Qf5+ Kd6 63. f4 Qh1+ 64. Kg7 Qf1 65.
Qf6+ Kd5 66. f5 Ke4 67. Qe6+ Kf4 68. f6 Qg2+ 69. Kf8 Qg6 70. Qf7 Qf5 71. Kg7
1/2-1/2

[Event "Lichtenberger Sommer 2023"]
[Site "Berlin"]
[Date "2023.08.18"]
[Round "7.74"]
[White "Rausch, Erik"]
[Black "Hildebrand, Jörg"]
[Result "0-1"]
[WhiteElo "1760"]
[BlackElo "1552"]
[PlyCount "92"]
[EventDate "2023.??.??"]
[WhiteTeam "SC Kreuzberg e.V."]
[BlackTeam "SF Berlin 1903 e.V."]

1. Nf3 Nf6 2. d4 d5 3. g3 Bf5 4. Bg2 h6 5. O-O e6 6. c4 c6 7. b3 Bd6 8. Bb2
Nbd7 9. Nbd2 O-O 10. Re1 Ne4 11. Rc1 Bb4 12. a3 Be7 13. Nxe4 Bxe4 14. Nd2 Bxg2
15. Kxg2 Nf6 16. e3 a5 17. c5 b6 18. cxb6 Qxb6 19. Rc3 Nd7 20. Qc2 Rac8 21. Rc1
Nb8 22. Nf3 Rc7 23. Ne5 Rfc8 24. Nd3 Nd7 25. Nc5 Bxc5 26. dxc5 Qa6 27. Rd3 e5
28. Qd1 f6 29. Rc2 Qb5 30. Rdc3 e4 31. f3 exf3+ 32. Qxf3 Ne5 33. Qe2 Qxe2+ 34.
Rxe2 Re8 35. Rcc2 Rb7 36. e4 dxe4 37. Rxe4 Rxb3 38. Rce2 Kf7 39. h3 Rd3 40. Kf2
Rd5 41. Bxe5 fxe5 42. Rc4 Ke6 43. Ke3 Red8 44. Rc3 e4 45. Kxe4 Re5+ 46. Kf3
Rf8+ 0-1

[Event "Lichtenberger Sommer 2023"]
[Site "Berlin"]
[Date "2023.08.18"]
[Round "7.75"]
[White "Morper, Justus"]
[Black "Bade, Heidrun"]
[Result "1-0"]
[WhiteElo "1432"]
[BlackElo "1722"]
[PlyCount "91"]
[EventDate "2023.??.??"]
[WhiteTeam "SV Mattnetz Berlin e.V."]
[BlackTeam "USV Potsdam e.V., Abt. Schach"]

1. e4 e5 2. Nf3 Nc6 3. Bc4 Nf6 4. Ng5 d5 5. exd5 Nd4 6. d6 Qxd6 7. Bxf7+ Kd8 8.
Bb3 Qc6 9. O-O Bg4 10. Qe1 Bd6 11. Nf7+ Kc8 12. Nxe5 Bxe5 13. Qxe5 Ne2+ 14. Kh1
Re8 15. Qg5 Nd4 16. Nc3 Bf5 17. d3 Bg6 18. Be3 Ne6 19. Bxe6+ Qxe6 20. Bd4 c6
21. Bxf6 gxf6 22. Qe3 Qd7 23. Qf3 Re6 24. Rae1 Kc7 25. Qg3+ Rd6 26. Ne4 Bxe4
27. Rxe4 Re8 28. Rfe1 Rxe4 29. Rxe4 Kc8 30. Qg8+ Kc7 31. Qe8 Qxe8 32. Rxe8 Kd7
33. Re4 f5 34. Re5 Rf6 35. f4 b6 36. g3 h5 37. Kg2 h4 38. Kf3 hxg3 39. hxg3 Kd6
40. g4 fxg4+ 41. Kxg4 a5 42. d4 c5 43. c3 cxd4 44. cxd4 Rh6 45. f5 Rh1 46. f6
1-0

[Event "Lichtenberger Sommer 2023"]
[Site "Berlin"]
[Date "2023.08.18"]
[Round "7.76"]
[White "Regel, Michael"]
[Black "Kellner, Rene"]
[Result "1-0"]
[WhiteElo "1722"]
[BlackElo "1480"]
[PlyCount "67"]
[EventDate "2023.??.??"]
[WhiteTeam "SC Friesen Lichtenberg e.V."]
[BlackTeam "Potsdamer SV Mitte e.V."]

1. e4 c6 2. d4 d5 3. e5 Bf5 4. Nf3 e6 5. Bd3 Bxd3 6. Qxd3 Nd7 7. O-O c5 8. c3
cxd4 9. cxd4 Ne7 10. Nc3 Nc6 11. Be3 Be7 12. Rac1 O-O 13. Rfe1 Rc8 14. Nd2 Nb6
15. f4 Nb4 16. Qe2 f6 17. a3 Nc6 18. b4 fxe5 19. fxe5 a6 20. Qg4 Qd7 21. Ne2
Nc4 22. Nxc4 dxc4 23. h3 Kh8 24. Rxc4 Qd5 25. Rec1 h6 26. Nf4 Rxf4 27. Bxf4 Rf8
28. Be3 Kh7 29. R4c3 Qa2 30. Qe4+ Kh8 31. Qg6 Qe2 32. Bxh6 gxh6 33. Qxh6+ Kg8
34. Rg3+ 1-0

[Event "Lichtenberger Sommer 2023"]
[Site "Berlin"]
[Date "2023.08.18"]
[Round "7.77"]
[White "Glienke, Michael"]
[Black "Ali, Maha"]
[Result "1-0"]
[WhiteElo "1692"]
[BlackElo "1325"]
[PlyCount "105"]
[EventDate "2023.??.??"]
[WhiteTeam "SC Kreuzberg e.V."]
[BlackTeam "SK Zehlendorf e.V."]

1. d4 d5 2. Bf4 Nf6 3. e3 e6 4. c4 Be7 5. Nc3 O-O 6. a3 c5 7. Nb5 Na6 8. Nf3
Bd7 9. Rc1 dxc4 10. Bxc4 Bxb5 11. Bxb5 Qa5+ 12. b4 Qxb5 13. dxc5 Rfd8 14. Nd4
Qd7 15. O-O Qd5 16. c6 e5 17. cxb7 Rab8 18. Nc6 Qxd1 19. Rfxd1 Rxd1+ 20. Rxd1
Rxb7 21. Bxe5 Kf8 22. Bd4 Rd7 23. Rc1 Rc7 24. Bxa7 Nd5 25. b5 Nab4 26. axb4
Nxb4 27. Bc5 Nxc6 28. Bb6 Rc8 29. bxc6 Ke8 30. Kf1 Bd6 31. f4 Bc7 32. Bd4 g6
33. Kf2 Ke7 34. Kf3 Kd6 35. Kg4 Bd8 36. Be5+ Ke7 37. Kg5 h5 38. c7 Bxc7 39.
Rxc7+ Rxc7 40. Bxc7 Kf8 41. e4 Kg7 42. Be5+ Kf8 43. Kf6 Kg8 44. g3 Kf8 45. Bd6+
Kg8 46. h3 Kh7 47. Kxf7 Kh6 48. e5 Kh7 49. e6 Kh6 50. e7 Kh7 51. e8=Q g5 52.
Qg8+ Kh6 53. Qg6# 1-0